Estatísticas para Cultura Geral

Clique aqui para jogar o quiz

Estatísticas Gerais

  • Esse quiz foi jogado 18 vezes
  • A pontuação média é 6 de 15

Estatísticas das Respostas

HintResposta% Correto
De que cor é o laço da luta contra o cancro da mama?Rosa
94%
A que país pertence o canal Disney Channel?Estados Unidos
88%
Que força mantém a lua em órbita ao redor da Terra?Gravidade
76%
Qual é o único país a compartilhar uma fronteira terrestre com a Dinamarca?Alemanha
59%
Qual unidade é usada para medir a pureza do ouro?Quilate
59%
Em que ano foi lançado o primeiro High School Musical?2006
47%
Que pé de animal é considerado um amuleto da sorte?Coelho
47%
Em que canal de televisão se estreou Zendaya?Disney Channel
35%
Que conhecido lago fica em Chicago?Michigan
29%
Que "comunidade de praia tranquila" ao norte de Los Angeles é um lugar popular para mansões de celebridades?Malibu
24%
O Ritz é talvez o mais famoso de Paris ,deste tipo de cadeia.A que cadeia pertence?Hotéis
18%
Quem fez para romântico com Zac Efron no filme "The Greatest Showman"?Zendaya
18%
Na série de desenhos animados "Kim Possible" quem é o parceiro de Kim na luta contra o crime?Ron
6%
O que as rosas amarelas simbolizam?Amizade
0%
Que prestigiosa universidade fica em Evanston, Chicago?Northwestern
0%

Distribuição das Pontuações

Percentil de Números Respondidos

Porcentagem de Pessoas com Cada Pontuação

Sua Pontuação Histórica

Você não jogou esse quiz